| 000 | 00365 a2200133 4500 | ||
|---|---|---|---|
| 003 | Nust | ||
| 005 | 20170207154037.0 | ||
| 040 | _cNust | ||
| 100 | _aKimito Funatsu and Kiyoshi Hasegawa | ||
| 245 |
_aKnowledge-Oriented Applications in Data Mining (E-Book) _cKimito Funatsu and Kiyoshi Hasegawa |
||
| 260 |
_aIndia _bIntech _c© 2011 |
||
| 300 | _a454p; | ||
| 651 | _a(E-Book) | ||
| 942 |
_2ddc _cBK |
||
| 999 |
_c192421 _d192421 |
||